| 000 | 01062nam a22002537a 4500 | ||
|---|---|---|---|
| 999 |
_c20432 _d20432 |
||
| 003 | AR-CdUCM | ||
| 008 | 190530b ||||| |||| 00| 0 spa d | ||
| 040 |
_aMUNICIPALIDAD PROVINCIAL DEL CUSCO _cBIBLIOTECA MUNICIPAL DEL CUSCO |
||
| 082 |
_a802.08 / _bH867 |
||
| 100 |
_aHoyo, Arturo del _942724 |
||
| 245 | _aTeatro alemán contemporáneo / | ||
| 260 |
_aMadrid : _bAguilar, _c1965. |
||
| 300 |
_a590 páginas ; _c20 cm. |
||
| 505 | _aContenido: Bertolt Brecht El alma buena de Sechuan -- Wolfgang Borchert La calle sin puertas -- Carl Zuckmayer El el general del diablo -- Hans Rothe llegada de noche -- Günther Weisenborn el rsotro perdido -- Ulrich Becher Mademoiselle löwenzorn. | ||
| 650 |
_aTeatro _9173 |
||
| 650 |
_aAlemania _91327 |
||
| 650 |
_aColecciones _9607 |
||
| 700 |
_aLuque, Mariano S. (traducción) _942725 |
||
| 700 |
_aMoral Arroyo, José A. (traducción) _942726 |
||
| 700 |
_aVega, Rafael de la (traducción) _942727 |
||
| 700 |
_aGarcia Sastre, Alberto (traducción) _942728 |
||
| 942 |
_2ddc _cLIBROS |
||
| 945 |
_adavv _d2019-05-30 |
||